• 首页
  • 本馆介绍
  • 公告通知
  • 最新文献
  • 馆藏检索
  • 电子资源
  • 读者导购
  • 参考咨询
  • 我的图书馆
  • 登录
  • 详细信息显示
  • 放入我的书架
  • 预约/预借图书
  • 作者相关作品
  • 分类相关作品
  • 丛书相关作品
  • 出版社相关作品

书目信息

  • 表格格式
  • 工作单格式
  • 卡片格式
题名:
常用词用法例释
    
 
作者: 王国璋 , 安汝磐 编
分册: 第二集  
出版信息: 北京   中国人民大学出版社  1980.02
页数: 605页
开本: 20cm
丛书名:
单 册:
中图分类: H136.1
科图分类:
主题词: 汉语--语义 , 汉语--语义学 , 汉语--词汇 , 训诂
电子资源:
ISBN:
000 00694nam0 2200253 45
001 0302270942
005 20040420153009.3
010    @dCNY2.85
091    @a9011.85
100    @a20030227d1980 km y0chiy0120 ea
101 0  @achi
105    @a z 000yy
200 1  @a常用词用法例释@AChang Yong Ci Yong Fa Li Shi@h第二集@f王国璋,安汝磐等编@FWang Guo Zhang,An Ru Pan Deng Bian
210    @a北京@c中国人民大学出版社@d1980.02
215    @a605页@d20cm
606 0  @a汉语@x语义
606 0  @a汉语@x语义学
606 0  @a汉语@x词汇
606 0  @a训诂
690    @aH136.1@v3
701  0 @a王国璋@4编
701  0 @a安汝磐@4编
801    @aCN@bTSTC@c20030227
905    @dH136.1@e33:2@f2@b139281-282
    
    常用词用法例释.第二集/王国璋,安汝磐等编.-北京:中国人民大学出版社,1980.02
    605页;20cm
    
    
    ISBN :CNY2.85
    
●
相关链接 在E读中查询图书 在五车中查询图书 在当当中查询图书 在豆瓣中查询图书


正题名:常用词用法例释     索取号:H136.1/33:2         预约/预借

序号 登录号 条形码 馆藏地/架位号 状态 备注
1 0139281   000083579   第四借阅区/ [索取号:H136.1/33:2] 在馆    
2 0139282   000835751   第四借阅区/ [索取号:H136.1/33:2] 在馆    
3 0139283   001751447   密集书库/ [索取号:H136.1/33:2] 在馆    
唐山师范学院图书馆 欢迎您!
大连网信软件有限公司© 版权所有